[Event "HCL-B083"]
[Site "www.playchess.de"]
[Date "2000.12.04"]
[Round "16"]
[White "Arn"]
[Black "burrango"]
[WhiteElo "1429"]
[BlackElo "1554"]
[PlyCount "73"]
[Result "1-0"]

1.e4 g6 2.Bc4 Bg7 3.d3 Nf6 4.Nf3 O-O 5.Bg5 d6 
6.Bxf6 Bxf6 7.O-O Bxb2 8.Nbd2 Bxa1 9.Qxa1 e6 10.h4 
f6 11.Nd4 d5 12.exd5 exd5 13.Bb3 Na6 14.Re1 Nc5 
15.c4 Nxd3 16.Re3 dxc4 17.Bxc4+ Kg7 18.Ne6+ Bxe6 
19.Bxe6 Re8 20.Bc4 Rxe3 21.fxe3 Ne5 22.Qc3 Qd6 
23.Ne4 Qd1+ 24.Kh2 Re8 25.Bb3 Ng4+ 26.Kg3 Rxe4 
27.Qxc7+ Kh6 28.Bxd1 Nxe3 29.Qxb7 Nf5+ 30.Kf2 Rf4+ 
31.Kg1 Nxh4 32.Qxa7 Re4 33.Qf2 Nf5 34.Bc2 Rb4 
35.Qd2+ Ne3 36.Qxe3+ g5 37.Qe7 1-0

[Event "HCL-B095"]
[Site "www.playchess.de"]
[Date "2000.12.04"]
[Round "4"]
[White "chess_biggi"]
[Black "traga"]
[WhiteElo "1200"]
[BlackElo "1200"]
[PlyCount "42"]
[Result "0-1"]

1.d4 d5 2.Nf3 Nc6 3.e3 Bg4 4.Nbd2 Qd6 5.Bd3 Nb4 
6.Be2 O-O-O 7.c3 Nc6 8.Bd3 e5 9.e4 exd4 10.O-O Ne5 
11.Qc2 Bxf3 12.Nxf3 Nxd3 13.Qxd3 Qg6 14.Qxd4 dxe4 
15.Qa4 exf3 16.g3 a6 17.Be3 Bd6 18.c4 Qh5 19.b4 
Qh3 20.Qd7+ Rxd7 21.Rad1 Qg2+ 0-1

[Event "HCL-B098"]
[Site "www.playchess.de"]
[Date "2000.12.04"]
[Round "15"]
[White "Riza"]
[Black "Gruhni"]
[WhiteElo "1321"]
[BlackElo "1410"]
[PlyCount "85"]
[Result "1-0"]

1.d4 e6 2.c4 c6 3.Nc3 d5 4.e3 Nf6 5.c5 Be7 6.Bd3 
Nbd7 7.Nge2 e5 8.O-O O-O 9.dxe5 Nxe5 10.b4 Nxd3 
11.Qxd3 g6 12.Bb2 Nd7 13.f4 Bf6 14.Na4 Bxb2 
15.Nxb2 Nf6 16.Ng3 Re8 17.Rad1 Qe7 18.Rde1 Ne4 
19.Nxe4 Qxe4 20.Qxe4 Rxe4 21.Nd3 Bf5 22.a3 Rae8 
23.Rf3 d4 24.Kf2 Bg4 25.Rg3 dxe3+ 26.Rgxe3 R4xe3 
27.Rxe3 Rxe3 28.Kxe3 f6 29.h3 Bf5 30.Nb2 Be6 
31.Nd1 Kf7 32.Nc3 f5 33.Kd4 Ke7 34.Ke5 Bc4 35.g3 
h5 36.h4 b6 37.cxb6 axb6 38.a4 Bd3 39.a5 bxa5 
40.bxa5 Bc4 41.Na4 Bb5 42.Nc5 Kd8 
43.a6 1-0

[Event "HCL-B101"]
[Site "www.playchess.de"]
[Date "2000.12.04"]
[Round "10"]
[White "wiseguy"]
[Black "Hubble"]
[WhiteElo "1964"]
[BlackElo "1733"]
[PlyCount "45"]
[Result "1-0"]

1.e4 e5 2.Nf3 Nc6 3.Bc4 Bc5 4.c3 Nf6 5.d4 exd4 
6.cxd4 Bb4+ 7.Bd2 Nxe4 8.Bxb4 Nxb4 9.Bxf7+ Kxf7 
10.Qb3+ d5 11.Qxb4 Re8 12.O-O Kg8 13.Nc3 Nxc3 
14.bxc3 b6 15.Rae1 Bg4 16.Ne5 Bh5 17.Re3 a5 18.Qb5 
Qd6 19.Rfe1 Qa3 20.Qxd5+ Kh8 21.Rh3 Rad8 22.Qe4 g6 
23.g4 1-0

[Event "HCL-B104"]
[Site "www.playchess.de"]
[Date "2000.12.04"]
[Round "10"]
[White "costajr"]
[Black "bradley311"]
[WhiteElo "1421"]
[BlackElo "1300"]
[PlyCount "27"]
[Result "1-0"]

1.e4 e5 2.Nf3 Nf6 3.Nxe5 d5 4.exd5 Bd6 5.Nf3 Nxd5 
6.Be2 O-O 7.O-O b6 8.d4 Nf4 9.Bxf4 Be7 10.Qd2 Bb7 
11.Nc3 Nc6 12.Bd3 Nxd4 13.Nxd4 Qxd4 
14.Bxh7+ 1-0

[Event "HCL-B106"]
[Site "www.playchess.de"]
[Date "2000.12.04"]
[Round "33"]
[White "BOB"]
[Black "paule"]
[WhiteElo "1500"]
[BlackElo "1814"]
[PlyCount "48"]
[Result "0-1"]

1.d4 c5 2.d5 e5 3.c4 d6 4.e4 Be7 5.Nc3 Bg5 6.Nf3 
Bxc1 7.Rxc1 Ne7 8.h3 O-O 9.g4 a6 10.Qb3 Ng6 11.Ne2 
Nd7 12.a3 Nf6 13.Qd3 Qa5+ 14.Nd2 h6 15.Bg2 b5 
16.O-O Rb8 17.f4 exf4 18.Nxf4 Ne5 19.Qe2 Re8 
20.Rf2 Bd7 21.Bf3 Re7 22.Bg2 bxc4 23.Nxc4 Nxc4 
24.Qxc4 Bb5 0-1

[Event "HCL-B108"]
[Site "www.playchess.de"]
[Date "2000.12.04"]
[Round "3"]
[White "Arcant"]
[Black "Gliskardi"]
[WhiteElo "1500"]
[BlackElo "1500"]
[PlyCount "27"]
[Result "1-0"]

1.d4 d5 2.e4 dxe4 3.Nc3 e5 4.Be3 exd4 5.Bxd4 Nc6 
6.Bb5 Bd7 7.Nge2 Nxd4 8.Qxd4 c6 9.Bc4 f5 10.O-O-O 
c5 11.Qd5 Qg5+ 12.Kb1 O-O-O 13.Ba6 Bc6 
14.Qxc6+ 1-0

[Event "HCL-B113"]
[Site "www.playchess.de"]
[Date "2000.12.04"]
[Round "7"]
[White "abed"]
[Black "peze"]
[WhiteElo "1789"]
[BlackElo "1818"]
[PlyCount "60"]
[Result "0-1"]

1.e4 c5 2.Nf3 d6 3.d4 cxd4 4.Qxd4 a6 5.Bc4 Nc6 
6.Qd1 g6 7.O-O Bg7 8.c3 Nf6 9.Re1 O-O 10.Ng5 Ne5 
11.Bb3 b5 12.f4 Bg4 13.Qc2 Nc4 14.e5 dxe5 15.fxe5 
Bf5 16.Qe2 Ng4 17.Bf4 Qb6+ 18.Kh1 Nf2+ 19.Kg1 Nh3+ 
20.Kh1 Nxf4 21.Qf1 Nd3 22.Re2 Ncxe5 23.Nf3 Ng4 
24.h3 Ndf2+ 25.Rxf2 Nxf2+ 26.Kh2 Qd6+ 27.Kg1 Nd3 
28.Nh4 Bxh3 29.gxh3 Qg3+ 30.Ng2 
Be5 0-1

[Event "HCL-B115"]
[Site "www.playchess.de"]
[Date "2000.12.04"]
[Round "2"]
[White "Sturk"]
[Black "wuliao"]
[WhiteElo "1632"]
[BlackElo "971"]
[PlyCount "31"]
[Result "1-0"]

1.e4 Nc6 2.Nf3 d6 3.Bc4 e6 4.d4 d5 5.exd5 exd5 
6.Bb5 Nf6 7.O-O Be7 8.Ne5 O-O 9.Nxc6 bxc6 10.Bxc6 
Rb8 11.Ba4 Ba6 12.Re1 c5 13.c3 Qb6 14.Rxe7 cxd4 
15.cxd4 Rbe8 16.Bxe8 1-0

[Event "HCL-B118"]
[Site "www.playchess.de"]
[Date "2000.12.04"]
[Round "17"]
[White "x_chess"]
[Black "Keen"]
[WhiteElo "1500"]
[BlackElo "1400"]
[PlyCount "35"]
[Result "1-0"]

1.f4 d5 2.b3 Qd6 3.e3 e5 4.fxe5 Qxe5 5.Nc3 Nf6 
6.Nf3 Qh5 7.Bb2 Bg4 8.Nb5 Na6 9.Qe2 c6 10.Nbd4 Ne4 
11.Nxc6 Ng3 12.hxg3 Qxh1 13.Nce5 Bd7 14.Nxd7 Bd6 
15.O-O-O Kxd7 16.Qb5+ Kd8 17.Qxd5 Qh6 
18.Bxa6 1-0

[Event "HCL-B118"]
[Site "www.playchess.de"]
[Date "2000.12.04"]
[Round "19"]
[White "paule"]
[Black "Keen"]
[WhiteElo "1815"]
[BlackElo "1400"]
[PlyCount "47"]
[Result "1-0"]

1.e4 e6 2.d4 d5 3.Nd2 Nc6 4.Ngf3 Nf6 5.e5 Nd7 
6.Nb3 Bb4+ 7.Bd2 Bxd2+ 8.Qxd2 a6 9.Bd3 f6 10.exf6 
Qxf6 11.O-O-O e5 12.dxe5 Ndxe5 13.Nxe5 Nxe5 14.Be2 
Be6 15.Nc5 Bf7 16.f4 Ng6 17.Bc4 dxc4 18.Rhe1+ Ne7 
19.Qd7+ Kf8 20.Qxc7 Be8 21.Ne6+ Kg8 22.Nd8 Bg6 
23.Rxe7 h6 24.Rdd7 1-0

[Event "HCL-B118"]
[Site "www.playchess.de"]
[Date "2000.12.04"]
[Round "24"]
[White "Gross"]
[Black "class58"]
[WhiteElo "1500"]
[BlackElo "1200"]
[PlyCount "38"]
[Result "0-1"]

1.d4 Nc6 2.e4 d6 3.Nc3 Nf6 4.f4 Bg4 5.Nf3 e5 6.d5 
Nd4 7.fxe5 dxe5 8.Be3 Bc5 9.Bxd4 Bxd4 10.Ne2 Bxb2 
11.Rb1 Ba3 12.Nxe5 Qd6 13.Nxg4 Nxg4 14.Rxb7 O-O 
15.Qd3 Bc5 16.Nd4 Qf6 17.Qf3 Qxd4 18.Qxg4 Qc3+ 
19.Kd1 Be3 0-1

[Event "HCL-B122"]
[Site "www.playchess.de"]
[Date "2000.12.04"]
[Round "13"]
[White "Zander"]
[Black "BOB"]
[WhiteElo "1200"]
[BlackElo "1500"]
[PlyCount "32"]
[Result "0-1"]

1.d4 Nf6 2.c4 e6 3.Nf3 Bb4+ 4.Bd2 Qe7 5.a3 Bxd2+ 
6.Qxd2 O-O 7.e3 d5 8.cxd5 exd5 9.Bd3 c6 10.Bc2 Ne4 
11.Qd3 Bf5 12.Nbd2 Nxf2 13.Qxf5 Qxe3+ 14.Kf1 g6 
15.Qd3 Nxd3 16.Nb3 Qf2+ 0-1

[Event "HCL-B124"]
[Site "www.playchess.de"]
[Date "2000.12.04"]
[Round "19"]
[White "Bill"]
[Black "uiai"]
[WhiteElo "1196"]
[BlackElo "1200"]
[PlyCount "62"]
[Result "0-1"]

1.e4 d6 2.d4 g6 3.Nc3 Bg7 4.Be3 c6 5.f3 b5 6.d5 
Qa5 7.dxc6 Nxc6 8.Bxb5 Bxc3+ 9.Bd2 Bxd2+ 10.Qxd2 
Qxb5 11.b3 Nf6 12.Rd1 Ba6 13.Kf2 Ne5 14.c4 Qb6+ 
15.Kf1 Rc8 16.Ne2 Bxc4 17.Rc1 Bxe2+ 18.Kxe2 Kd7 
19.Rhd1 h5 20.g3 Rxc1 21.Rxc1 Rc8 22.Rxc8 Kxc8 
23.h3 Qc5 24.g4 hxg4 25.hxg4 Kd7 26.g5 Nh5 27.f4 
Ng3+ 28.Kd1 Nf3 29.Qd5 Qxd5+ 30.exd5 Nf5 31.Ke2 
N3d4+ 0-1

[Event "HCL-B125"]
[Site "www.playchess.de"]
[Date "2000.12.04"]
[Round "7"]
[White "RogerWillCo"]
[Black "Jeff_Foster"]
[WhiteElo "1500"]
[BlackElo "1231"]
[PlyCount "22"]
[Result "0-1"]

1.d4 d5 2.c4 e6 3.a3 Nf6 4.Nc3 Be7 5.Nf3 O-O 6.Bf4 
Bd7 7.h3 dxc4 8.Ne5 Nd5 9.Bh2 b5 10.Ng4 Qc8 11.Ne5 
Nxc3 0-1

[Event "HCL-B125"]
[Site "www.playchess.de"]
[Date "2000.12.04"]
[Round "9"]
[White "RogerWillCo"]
[Black "Binder"]
[WhiteElo "1500"]
[BlackElo "1200"]
[PlyCount "44"]
[Result "0-1"]

1.d4 d5 2.c4 e6 3.a3 Nf6 4.Nc3 c6 5.e3 Nbd7 6.Nf3 
Bd6 7.Bd3 O-O 8.c5 Bc7 9.O-O e5 10.Bb1 e4 11.Ne1 
Qe7 12.f3 a5 13.fxe4 Nxe4 14.Qc2 f5 15.Ba2 Ndf6 
16.b4 Ng4 17.Nf3 Ng5 18.Kh1 Nxf3 19.gxf3 Nxh2 
20.Rf2 Qh4 21.Nxd5 Nxf3+ 22.Kg2 
Ne1+ 0-1

[Event "HCL-B133"]
[Site "www.playchess.de"]
[Date "2000.12.04"]
[Round "1"]
[White "Bauernopfer"]
[Black "plobi"]
[WhiteElo "1342"]
[BlackElo "1087"]
[PlyCount "42"]
[Result "1/2-1/2"]

1.e4 e5 2.Bc4 Nf6 3.d3 c6 4.Nf3 d5 5.Bb3 Bd6 
6.exd5 cxd5 7.O-O O-O 8.Nc3 d4 9.Nb5 Nc6 10.Bg5 
Be7 11.Re1 a6 12.Na3 Bxa3 13.bxa3 h6 14.Bxf6 Qxf6 
15.Bd5 Bg4 16.h3 Bxf3 17.Qxf3 Qxf3 18.Bxf3 Rac8 
19.Bxc6 Rxc6 20.Rxe5 Rxc2 21.Re4 
Rd8 1/2-1/2

[Event "HCL-C008"]
[Site "www.playchess.de"]
[Date "2000.12.04"]
[Round "8"]
[White "Kiepski"]
[Black "allan"]
[WhiteElo "1000"]
[BlackElo "1000"]
[PlyCount "84"]
[Result "0-1"]

1.e4 c5 2.Nf3 e6 3.c3 Nc6 4.d4 Nf6 5.Bg5 Be7 
6.dxc5 Nxe4 7.Bxe7 Qxe7 8.Qc2 Nxc5 9.b4 Nxb4 
10.cxb4 Na6 11.Bxa6 bxa6 12.a3 Bb7 13.Nbd2 O-O 
14.O-O d5 15.Rac1 Rfd8 16.Ne5 Rac8 17.Qb2 f6 
18.Nef3 e5 19.Rxc8 Rxc8 20.Rc1 Rd8 21.Rc5 e4 
22.Ne1 e3 23.fxe3 Qxe3+ 24.Kf1 Re8 25.Ndf3 d4 
26.Qxd4 Qe6 27.Qc4 Qxc4+ 28.Rxc4 Re3 29.a4 Rb3 
30.Rd4 Bc6 31.Rd8+ Kf7 32.Nd4 Rc3 33.Nxc6 Rxc6 
34.Rd7+ Kg6 35.Rxa7 Rb6 36.Nf3 Rxb4 37.Rxa6 Rb1+ 
38.Kf2 Rb2+ 39.Kg3 Rb3 40.a5 Ra3 41.Ra8 h6 42.a6 
h5 0-1

[Event "HCL-C057"]
[Site "www.playchess.de"]
[Date "2000.12.04"]
[Round "10"]
[White "CEAuke"]
[Black "TomAU"]
[WhiteElo "924"]
[BlackElo "1004"]
[PlyCount "58"]
[Result "0-1"]

1.e4 e5 2.Nc3 Nf6 3.d3 Bb4 4.a3 Bxc3+ 5.bxc3 d5 
6.Bg5 dxe4 7.Bxf6 Qxf6 8.dxe4 O-O 9.Nf3 Bg4 10.Be2 
Nc6 11.O-O Rfd8 12.Qb1 Rab8 13.Qb3 Qg6 14.Rad1 
Rxd1 15.Rxd1 Be6 16.Bc4 Na5 17.Qb4 Nxc4 18.Qxb7 
Rf8 19.Qxc7 Qxe4 20.Rd8 g6 21.h3 Rxd8 22.Qxd8+ Kg7 
23.Ng5 Qe1+ 24.Kh2 Qxf2 25.Qe7 Bd5 26.Nf3 Bxf3 
27.Qg5 f6 28.Qg3 Qxg3+ 29.Kh1 Qxg2+ 0-1

[Event "HCL-C063"]
[Site "www.playchess.de"]
[Date "2000.12.04"]
[Round "3"]
[White "nikk"]
[Black "Jeff_Foster"]
[WhiteElo "1000"]
[BlackElo "1484"]
[PlyCount "57"]
[Result "1/2-1/2"]

1.e4 e5 2.Nf3 Nc6 3.Bb5 a6 4.Ba4 Nf6 5.O-O Be7 
6.Re1 O-O 7.Bxc6 bxc6 8.Nxe5 Bb7 9.d4 c5 10.d5 d6 
11.Nf3 Re8 12.b3 c6 13.Nc3 cxd5 14.exd5 Bf8 15.Bg5 
Be7 16.Qd2 Rb8 17.Rad1 h6 18.Bf4 g5 19.Bxg5 hxg5 
20.Qxg5+ Kh8 21.Qh6+ Nh7 22.Re2 Qd7 23.Ne4 Kg8 
24.c4 Bf8 25.Qxh7+ Kxh7 26.Nf6+ Kg6 27.Nxd7 Rxe2 
28.Nxb8 Rxa2 29.Nc6 1/2-1/2

[Event "HCL-C066"]
[Site "www.playchess.de"]
[Date "2000.12.04"]
[Round "14"]
[White "dragao"]
[Black "Chopz8va"]
[WhiteElo "1000"]
[BlackElo "1100"]
[PlyCount "56"]
[Result "0-1"]

1.e4 e5 2.Nf3 Nc6 3.b3 Nf6 4.Ba3 Bxa3 5.Nxa3 d5 
6.d3 Bg4 7.h3 dxe4 8.Qd2 Bxf3 9.gxf3 exf3 10.Rg1 
Rg8 11.Rg5 Qd4 12.Rb1 O-O-O 13.b4 e4 14.Nb5 Qd7 
15.Qf4 h6 16.Rg4 Nxg4 17.hxg4 Rde8 18.dxe4 a6 
19.Nc3 Ne5 20.Nd5 Qxg4 21.Rb3 c6 22.Nb6+ Kc7 
23.Qe3 Red8 24.Rd3 Nxd3+ 25.cxd3 Rge8 26.Qd2 Rxe4+ 
27.Kd1 Qg1 28.dxe4 Qxf1+ 0-1

[Event "HCL-C066"]
[Site "www.playchess.de"]
[Date "2000.12.04"]
[Round "21"]
[White "dragao"]
[Black "mateusz"]
[WhiteElo "1000"]
[BlackElo "1000"]
[PlyCount "33"]
[Result "1-0"]

1.e4 d5 2.exd5 Qxd5 3.Nc3 Qa5 4.g3 e5 5.Bb5+ c6 
6.Qe2 cxb5 7.Qxe5+ Be6 8.Nd5 Nc6 9.Nc7+ Kd7 
10.Nxa8 Nxe5 11.c3 Nd3+ 12.Kd1 Nxf2+ 13.Ke1 Nxh1 
14.Kf1 Bc4+ 15.Kg2 Bd5+ 16.Nf3 Qa6 
17.d4 1-0

[Event "HCL-C106"]
[Site "www.playchess.de"]
[Date "2000.12.04"]
[Round "1"]
[White "Smutje"]
[Black "uneek"]
[WhiteElo "1000"]
[BlackElo "1052"]
[PlyCount "46"]
[Result "0-1"]

1.e3 e5 2.Qf3 Nc6 3.Bc4 Nf6 4.h4 d5 5.Bb3 Be7 
6.Nc3 Be6 7.h5 h6 8.Rh4 O-O 9.a4 a6 10.a5 d4 
11.Ne4 Bxb3 12.cxb3 Nb4 13.Qe2 d3 14.Qf3 Nc2+ 
15.Kd1 Nxa1 16.Rh3 Nxb3 17.Nxf6+ Bxf6 18.Qxb7 Nxc1 
19.Kxc1 Qd6 20.Nf3 Qc5+ 21.Kb1 Qc2+ 22.Ka2 Rfb8 
23.Qd5 Qxb2+ 0-1

[Event "HCL-C106"]
[Site "www.playchess.de"]
[Date "2000.12.04"]
[Round "5"]
[White "Tarahumara"]
[Black "uneek"]
[WhiteElo "1113"]
[BlackElo "1052"]
[PlyCount "68"]
[Result "0-1"]

1.e4 c5 2.Bc4 e6 3.Qf3 Nc6 4.c3 Nf6 5.d3 d5 6.exd5 
exd5 7.Bb3 Be7 8.h3 O-O 9.Qg3 Bd6 10.Qf3 Be6 
11.Ba4 Rc8 12.Bxc6 bxc6 13.d4 cxd4 14.cxd4 c5 
15.Ne2 Re8 16.Nbc3 cxd4 17.Nxd4 Bg4+ 18.Qe3 Rxe3+ 
19.Bxe3 Bd7 20.O-O Rc4 21.Ncb5 Be5 22.Nxa7 Bxd4 
23.Bxd4 Rxd4 24.Rad1 Qb6 25.Nc8 Bxc8 26.Rdc1 Rc4 
27.Rce1 Rc2 28.g4 h6 29.Kg2 Ba6 30.Rec1 Bxf1+ 
31.Rxf1 Qxb2 32.a4 Ne4 33.Kf3 Rxf2+ 34.Rxf2 
Qxf2+ 0-1

[Event "HCL-C112"]
[Site "www.playchess.de"]
[Date "2000.12.04"]
[Round "14"]
[White "waxneedles"]
[Black "locko"]
[WhiteElo "800"]
[BlackElo "725"]
[PlyCount "57"]
[Result "1-0"]

1.e4 e5 2.Nf3 d6 3.Nc3 f6 4.Bb5+ c6 5.Bc4 b5 6.Bb3 
Qa5 7.a4 Ba6 8.d4 Nd7 9.Bd2 Qb6 10.axb5 Bb7 11.d5 
cxb5 12.Be3 Qc7 13.Nxb5 Qc8 14.Nxa7 Qd8 15.O-O g5 
16.h3 h5 17.Qd2 g4 18.Nh4 Nc5 19.Ng6 Nxe4 20.Ba4+ 
Kf7 21.Nxh8+ Kg7 22.Qb4 Kxh8 23.Qxe4 Rxa7 24.Bxa7 
Ne7 25.c4 Qa8 26.Bc6 Nxc6 27.Bb6 Qc8 28.Qg6 Ne7 
29.Qxf6+ 1-0

[Event "HCL-C112"]
[Site "www.playchess.de"]
[Date "2000.12.04"]
[Round "22"]
[White "sonnyspock"]
[Black "Fleischer"]
[WhiteElo "1188"]
[BlackElo "1000"]
[PlyCount "59"]
[Result "1/2-1/2"]

1.e4 e5 2.Nf3 Nc6 3.Bc4 Nf6 4.Ng5 d5 5.exd5 Na5 
6.Bb5+ c6 7.dxc6 bxc6 8.Qf3 Qd5 9.Qxd5 Nxd5 10.Ba4 
Nb6 11.Bb3 f6 12.Nf3 e4 13.Nd4 Bc5 14.Ne2 Nxb3 
15.axb3 Kf7 16.Nbc3 Re8 17.Ng3 Bb4 18.O-O f5 19.d3 
exd3 20.cxd3 a5 21.Bf4 Nd5 22.Nxd5 cxd5 23.d4 Bd7 
24.Be5 g6 25.Rac1 Rac8 26.Ne2 Bb5 27.Rxc8 Rxc8 
28.Rc1 Rxc1+ 29.Nxc1 Ke6 30.Na2 1/2-1/2

[Event "HCL-C114"]
[Site "www.playchess.de"]
[Date "2000.12.04"]
[Round "9"]
[White "ChessHammer"]
[Black "whoopingfunst"]
[WhiteElo "1044"]
[BlackElo "599"]
[PlyCount "39"]
[Result "1-0"]

1.e4 c5 2.b4 cxb4 3.a3 bxa3 4.Bxa3 Nf6 5.e5 Nd5 
6.c4 Nb6 7.d4 d5 8.Nf3 dxc4 9.Bxc4 Nxc4 10.Qa4+ 
Nc6 11.Qxc4 Be6 12.Qb5 Qa5+ 13.Qxa5 Nxa5 14.O-O 
Nb3 15.Ra2 Nxd4 16.Nxd4 Bxa2 17.Nb5 Kd7 18.Rd1+ 
Ke6 19.Nc7+ Kxe5 20.Nxa8 1-0

[Event "HCL-C117"]
[Site "www.playchess.de"]
[Date "2000.12.04"]
[Round "7"]
[White "donkey"]
[Black "nikk"]
[WhiteElo "1129"]
[BlackElo "1118"]
[PlyCount "40"]
[Result "0-1"]

1.e4 e6 2.d4 d5 3.e5 c5 4.c3 Nc6 5.Be2 Qb6 6.Nf3 
cxd4 7.cxd4 Nge7 8.O-O Nf5 9.Nc3 Nfxd4 10.Nxd4 
Qxd4 11.Qxd4 Nxd4 12.Bd3 Nc6 13.Re1 Be7 14.Be3 O-O 
15.Bd2 Bd7 16.Rac1 Rac8 17.a3 a6 18.Ne2 Nxe5 
19.Bc2 Nc4 20.Bc3 e5 0-1

[Event "HCL-C118"]
[Site "www.playchess.de"]
[Date "2000.12.04"]
[Round "1"]
[White "JensAnd"]
[Black "Herremanden"]
[WhiteElo "1317"]
[BlackElo "1000"]
[PlyCount "46"]
[Result "1-0"]

1.e4 Nf6 2.e5 Nd5 3.d4 f5 4.c4 Nb6 5.a4 d5 6.exd6 
e.p 7.exd6 a5 8.N6d7 Nf3 9.h6 Nc3 10.c6 Be2 11.Qe7 
O-O 12.g5 Re1 13.g4 Bd3 14.Ne5 Nxe5 15.Be6 Ng6 
16.Qf6 Nxh8 17.Bg7 d5 18.Kd8 Rxe6 19.Qf8 Ng6 
20.Qf7 Qe2 21.Nd7 Bf4 22.Nc5 Rxd6+ 23.Kc8 
Bxf5+ 1-0

[Event "HCL-C121"]
[Site "www.playchess.de"]
[Date "2000.12.04"]
[Round "19"]
[White "pajala"]
[Black "janus"]
[WhiteElo "1000"]
[BlackElo "1000"]
[PlyCount "42"]
[Result "0-1"]

1.e4 Nc6 2.d4 d5 3.e5 Bf5 4.Nc3 e6 5.Nf3 a6 6.a3 
f6 7.exf6 Nxf6 8.Qe2 Bg4 9.Be3 Bd6 10.h3 Bxf3 
11.Qxf3 O-O 12.O-O-O Ne4 13.Qe2 Nxc3 14.bxc3 Bxa3+ 
15.Kb1 Qd6 16.Bc1 Bxc1 17.Kxc1 e5 18.dxe5 Nxe5 
19.Qe3 Rae8 20.Qg5 Qa3+ 21.Kd2 
Rxf2+ 0-1

[Event "HCL-C121"]
[Site "www.playchess.de"]
[Date "2000.12.04"]
[Round "21"]
[White "Controler"]
[Black "janus"]
[WhiteElo "1044"]
[BlackElo "1000"]
[PlyCount "54"]
[Result "0-1"]

1.e4 Nc6 2.c3 d5 3.Bd3 Nf6 4.Nf3 dxe4 5.Bb5 exf3 
6.Bxc6+ bxc6 7.Qxf3 Qd5 8.Qxd5 cxd5 9.d4 e6 10.O-O 
Ba6 11.Re1 c5 12.dxc5 Bxc5 13.b4 Bd6 14.Bg5 Ng4 
15.Nd2 Bxh2+ 16.Kh1 Be5 17.Rac1 Nxf2+ 18.Kg1 Nd3 
19.Rxe5 Nxc1 20.Re3 h6 21.Bh4 Rc8 22.Nb3 Ne2+ 
23.Kf2 Nxc3 24.Re1 Nxa2 25.Nc5 Nxb4 26.Nxa6 Nxa6 
27.Ra1 Rc6 0-1

[Event "HCL-C122"]
[Site "www.playchess.de"]
[Date "2000.12.04"]
[Round "9"]
[White "ROBIN"]
[Black "mbshier"]
[WhiteElo "1042"]
[BlackElo "1465"]
[PlyCount "74"]
[Result "0-1"]

1.e4 Nf6 2.Nc3 d5 3.f3 e6 4.e5 Nfd7 5.d4 c5 6.Nge2 
Nc6 7.Be3 cxd4 8.Bxd4 Ndxe5 9.f4 Nd7 10.g3 Nf6 
11.Qd2 Bb4 12.Bg2 O-O 13.O-O-O Bd7 14.a3 Be7 15.g4 
Na5 16.Qd3 Nc4 17.g5 Ne8 18.Be5 Bc6 19.f5 Nxe5 
20.Qd4 Bxg5+ 21.Nf4 Qc7 22.fxe6 Bxf4+ 23.Qxf4 Nd3+ 
24.Rxd3 Qxf4+ 25.Kd1 fxe6 26.Rf1 Qg4+ 27.Bf3 Rxf3 
28.Rdxf3 d4 29.h3 Bxf3+ 30.Ne2 Bxe2+ 31.Kd2 Qe4 
32.c3 Bxf1 33.c4 Qe2+ 34.Kc1 d3 35.Kb1 d2 36.Kc2 
Qd3+ 37.Kd1 Be2+ 0-1

[Event "HCL-C125"]
[Site "www.playchess.de"]
[Date "2000.12.04"]
[Round "22"]
[White "surak"]
[Black "Alcoholic"]
[WhiteElo "1198"]
[BlackElo "1507"]
[PlyCount "30"]
[Result "1/2-1/2"]

1.e4 e5 2.Nf3 Nf6 3.d4 d6 4.dxe5 Nxe4 5.Bd3 Nc5 
6.exd6 Nxd3+ 7.Qxd3 Qxd6 8.Qxd6 Bxd6 9.Nc3 Bg4 
10.Ne4 Bxf3 11.gxf3 Nc6 12.Nxd6+ cxd6 13.Bf4 d5 
14.O-O-O O-O-O 15.Rhg1 Rhg8 1/2-1/2

[Event "HCL-C129"]
[Site "www.playchess.de"]
[Date "2000.12.04"]
[Round "4"]
[White "babycakes"]
[Black "Chill"]
[WhiteElo "663"]
[BlackElo "1000"]
[PlyCount "25"]
[Result "1-0"]

1.e4 c5 2.Nf3 Nc6 3.d4 cxd4 4.Nxd4 Nf6 5.Nxc6 bxc6 
6.Nc3 e5 7.Bg5 Bb4 8.Bc4 O-O 9.O-O h6 10.Bh4 g5 
11.Bg3 Qe7 12.Na4 Bc3 13.Nxc3 1-0

[Event "HCL-C141"]
[Site "www.playchess.de"]
[Date "2000.12.04"]
[Round "10"]
[White "Trickster"]
[Black "Coney"]
[WhiteElo "681"]
[BlackElo "984"]
[PlyCount "22"]
[Result "0-1"]

1.e4 e5 2.Nf3 Nc6 3.Bc4 Bc5 4.Nc3 d6 5.Na4 Bg4 
6.O-O Nd4 7.Nxc5 dxc5 8.c3 Nxf3+ 9.gxf3 Bh3 
10.Qa4+ c6 11.Re1 Qg5+ 0-1

[Event "HCL-E007"]
[Site "www.playchess.de"]
[Date "2000.12.04"]
[Round "2"]
[White "Gearloose"]
[Black "nepper"]
[WhiteElo "2035"]
[BlackElo "2100"]
[PlyCount "39"]
[Result "1-0"]

1.e4 e6 2.d4 d5 3.e5 c5 4.c3 Nc6 5.Nf3 Qb6 6.a3 
cxd4 7.cxd4 Nge7 8.Bd3 Nf5 9.Bxf5 exf5 10.O-O Be6 
11.Nc3 Be7 12.Qd3 O-O 13.b4 Rac8 14.Bd2 a6 15.Rfb1 
Na7 16.b5 Rc4 17.bxa6 Qxa6 18.Rb3 Rfc8 19.Rab1 Nc6 
20.Bc1 1-0

[Event "ACL-A029"]
[Site "www.playchess.de"]
[Date "2000.12.04"]
[Round "27"]
[White "player27"]
[Black "shepherd"]
[WhiteElo "1500"]
[BlackElo "1500"]
[PlyCount "73"]
[Result "1/2-1/2"]

1.e4 c5 2.Nf3 d6 3.d4 cxd4 4.Nxd4 Nf6 5.Nc3 a6 
6.Bg5 e6 7.f4 b5 8.e5 dxe5 9.fxe5 Qc7 10.exf6 Qe5+ 
11.Be2 Qxg5 12.Qd3 Qxf6 13.Rf1 Qe5 14.Rd1 Ra7 
15.Ndxb5 Rd7 16.Qc4 Bc5 17.Ne4 O-O 18.Qxc5 Qxe4 
19.Nd6 Qh4+ 20.g3 Qe7 21.c4 Bb7 22.Qb6 Bc6 23.c5 
Qg5 24.Rf4 Qh6 25.h4 Qg6 26.g4 e5 27.Bd3 Qh6 28.g5 
Qe6 29.Bf5 exf4+ 30.Bxe6 fxe6 31.Kf2 Re7 32.Qb3 
Nd7 33.Qa3 Nb8 34.b4 Kh8 35.g6 hxg6 36.Qh3 e5 
37.h5 1/2-1/2

[Event "ACL-A033"]
[Site "www.playchess.de"]
[Date "2000.12.04"]
[Round "10"]
[White "Gabaldon"]
[Black "Silver_Fox"]
[WhiteElo "1500"]
[BlackElo "1500"]
[PlyCount "32"]
[Result "0-1"]

1.e4 d6 2.d4 Nf6 3.Nc3 g6 4.Bg5 Bg7 5.Bc4 O-O 
6.Qd2 e5 7.Nf3 exd4 8.Nxd4 Re8 9.f3 Nbd7 10.O-O-O 
Ne5 11.Bb3 a5 12.Rhf1 c6 13.h3 Qc7 14.Nde2 d5 
15.exd5 cxd5 16.Bxf6 Bxf6 0-1

[Event "ACL-A033"]
[Site "www.playchess.de"]
[Date "2000.12.04"]
[Round "27"]
[White "yury"]
[Black "MarkusSSG"]
[WhiteElo "1500"]
[BlackElo "1737"]
[PlyCount "48"]
[Result "0-1"]

1.d4 e6 2.e4 d5 3.Nd2 Nf6 4.e5 Nfd7 5.f4 c5 6.c3 
Nc6 7.Ndf3 f5 8.Ne2 cxd4 9.Nexd4 Nxd4 10.cxd4 Nb6 
11.Be2 Bd7 12.O-O Rc8 13.b3 Be7 14.Bb2 Na8 15.Qe1 
Qb6 16.Qg3 Rc2 17.Qxg7 Rf8 18.Ng5 Rxe2 19.Nxh7 
Rxb2 20.Nxf8 Qxd4+ 21.Kh1 Bxf8 22.Qg6+ Kd8 23.Qf6+ 
Be7 24.Qh8+ Be8 0-1

[Event "ACL-A063"]
[Site "www.playchess.de"]
[Date "2000.12.04"]
[Round "6"]
[White "sazex"]
[Black "deepcover"]
[WhiteElo "1768"]
[BlackElo "1500"]
[PlyCount "50"]
[Result "0-1"]

1.e4 e5 2.Nf3 Nf6 3.Nxe5 d6 4.Nf3 Nxe4 5.d4 d5 
6.Bd3 Bd6 7.O-O O-O 8.Re1 Bf5 9.c4 c6 10.Qb3 Na6 
11.Qxb7 Nb4 12.Bxe4 Bxe4 13.Bg5 Qb6 14.Qd7 Nc2 
15.Nbd2 Nxa1 16.Rxa1 Qxb2 17.Rf1 Bb4 18.Nxe4 dxe4 
19.Ne5 h6 20.Bc1 Qc3 21.a3 Rad8 22.Qxa7 Rda8 
23.Qc7 Bxa3 24.Bxa3 Rxa3 25.Qxc6 
Qxd4 0-1

[Event "ACL-A068"]
[Site "www.playchess.de"]
[Date "2000.12.04"]
[Round "11"]
[White "Smutje"]
[Black "Goofy"]
[WhiteElo "1273"]
[BlackElo "1746"]
[PlyCount "22"]
[Result "0-1"]

1.e4 c5 2.e5 Nc6 3.e6 dxe6 4.Bc4 g6 5.Qf3 Bg7 6.d3 
Nf6 7.Nh3 O-O 8.O-O Nd4 9.Qe3 Qd6 10.Na3 Ng4 
11.Qe4 Qxh2+ 0-1

[Event "HCL-A019"]
[Site "www.playchess.de"]
[Date "2000.12.05"]
[Round "3"]
[White "Kleofas"]
[Black "dynamitedan"]
[WhiteElo "1850"]
[BlackElo "1600"]
[PlyCount "58"]
[Result "0-1"]

1.e4 c5 2.Nf3 d6 3.d4 cxd4 4.Nxd4 a6 5.Be3 Nf6 
6.Nc3 e6 7.Be2 Be7 8.O-O O-O 9.f4 e5 10.Nf5 Bxf5 
11.exf5 h6 12.Qe1 Nbd7 13.fxe5 Nxe5 14.Qg3 Kh8 
15.Rad1 Nh7 16.Bd4 Bh4 17.Qe3 Re8 18.Qd2 Bg5 
19.Qe1 Ng4 20.Qg3 Be3+ 21.Kh1 Bxd4 22.Rxd4 Ne5 
23.Rfd1 Qb6 24.Nd5 Qc6 25.c3 Rad8 26.f6 Nxf6 
27.Nxf6 gxf6 28.Rh4 Ng6 29.Rxh6+ 
Kg7 0-1

[Event "HCL-A032"]
[Site "www.playchess.de"]
[Date "2000.12.05"]
[Round "14"]
[White "Brrrr"]
[Black "Al-azmi"]
[WhiteElo "1616"]
[BlackElo "1916"]
[PlyCount "157"]
[Result "1/2-1/2"]

1.d4 Nf6 2.c4 e6 3.Nc3 Bb4 4.Qc2 O-O 5.a3 Bxc3+ 
6.Qxc3 b6 7.Bg5 Bb7 8.Qg3 c5 9.dxc5 bxc5 10.Qc3 
Nc6 11.Bxf6 Qxf6 12.Qxf6 gxf6 13.Nf3 a5 14.Rd1 
Rfd8 15.Nd2 f5 16.e3 a4 17.Rg1 Ne5 18.h3 Kf8 19.f4 
Ng6 20.g3 Rdb8 21.Bd3 Bc6 22.Rb1 Rb7 23.Kd1 Rab8 
24.Kc2 d5 25.cxd5 Bxd5 26.Ba6 Bb3+ 27.Kc1 R7b6 
28.Bc4 Bxc4 29.Nxc4 R6b3 30.Kd2 h5 31.Ke2 Ne7 
32.Rbd1 Nd5 33.Rd2 Ke7 34.Rgd1 Kf6 35.Kf3 Rh8 
36.R2xd5 exd5 37.Rxd5 Rc8 38.Rd6+ Kg7 39.Ra6 Rd8 
40.Rxa4 Rd4 41.Ke2 Re4 42.Kd2 h4 43.gxh4 Rbxe3 
44.Nxe3 Rxa4 45.Ng2 Rd4+ 46.Kc3 Re4 47.Kd3 c4+ 
48.Kd2 Kg6 49.a4 c3+ 50.bxc3 Rxa4 51.Kd3 Kh5 52.c4 
Ra3+ 53.Kd4 Rf3 54.c5 Rf2 55.Ne3 Rxf4+ 56.Kd5 Rf3 
57.Ng2 Rf2 58.Ne1 Rd2+ 59.Kc4 f4 60.c6 Re2 61.Nf3 
Rc2+ 62.Kd5 Rc3 63.Ke4 Rxc6 64.Kxf4 Rc2 65.Kf5 Re2 
66.Kf4 f6 67.Kf5 Ra2 68.Ke4 Ra1 69.Kf5 Rf1 70.Kf4 
Rf2 71.Ke4 Rg2 72.Kf4 Kg6 73.Nd4 Rd2 74.Nf3 Ra2 
75.h5+ Kxh5 76.Kf5 Ra5+ 77.Kxf6 Ra3 78.Nd4 Rxh3 
79.Ke5 1/2-1/2